Project engineering of process plants (Record no. 13764)

000 -LEADER
fixed length control field 00542nam a22002051 4500
001 - CONTROL NUMBER
control field 13764
003 - CONTROL NUMBER IDENTIFIER
control field BD-DhUET
008 - FIXED-LENGTH DATA ELEMENTS--GENERAL INFORMATION
fixed length control field 740502s1957 nyua b 000 0 eng
040 ## - CATALOGING SOURCE
Original cataloging agency DLC
Transcribing agency DLC
Modifying agency BD-DhUET
082 ## - DEWEY DECIMAL CLASSIFICATION NUMBER
Item number RAS/1957
Classification number 660.284
100 1# - MAIN ENTRY--PERSONAL NAME
Personal name Rase, Howard F.
245 10 - TITLE STATEMENT
Title Project engineering of process plants
250 ## - EDITION STATEMENT
Edition statement 1st ed.
260 ## - PUBLICATION, DISTRIBUTION, ETC. (IMPRINT)
Place of publication, distribution, etc. New York
Name of publisher, distributor, etc. John Wiley & Sons
Date of publication, distribution, etc. 1957
300 ## - PHYSICAL DESCRIPTION
Extent 692p.
Other physical details illus.
Dimensions 24 cm.
504 ## - BIBLIOGRAPHY, ETC. NOTE
Bibliography, etc Includes bibliographies
650 #0 - SUBJECT ADDED ENTRY--TOPICAL TERM
Topical term or geographic name as entry element Chemical engineering
700 ## - ADDED ENTRY--PERSONAL NAME
Personal name Barrow, M. H.
942 ## - ADDED ENTRY ELEMENTS (KOHA)
Koha item type General Book
Holdings
Shelving location Not for loan Piece designation (barcode) Koha item type Koha normalized classification for sorting Koha full call number Date acquired Price effective from Koha date last seen Location (home branch) Source of classification or shelving scheme Withdrawn status Sublocation or collection (holding branch) Copy number Damaged status Lost status
Circulation section 84416General Book660_284000000000000_RAS_1957660.284/RAS/19572015-03-042015-03-042015-03-04Central Library, BUET  Central Library, BUET1  
Reading section 17518Reading Item660_284000000000000_RAS_1957660.284/RAS/19572015-06-182015-06-182015-06-18Central Library, BUET  Central Library, BUET2